Mots mêlés 🔍 de villes françaises 🇫🇷 - Statistiques

Statistiques générales
  • Ce quiz a été pris 3 168 fois
    3 145 depuis la dernière actualisation
  • Le résultat moyen est 11 sur 21
Réponses sur la Carte
Les réponses sont colorées sur une échelle allant du rouge au vert en fonction du pourcentage des utilisateurs qui les ont devinées à leur premier essai. Vous pouvez retrouver ces pourcentages ci-dessous.
 
Statistiques - réponses
Réponse % Correct
Beauvais
96%
Besancon
88%
Antibes
83%
Meaux
80%
Nantes
76%
Cergy
72%
Lille
68%
Marseille
66%
Reims
59%
Rennes
57%
Nimes
55%
Avignon
49%
Fort-de-France
44%
Lorient
42%
Dole
35%
Brest
29%
Nouméa
24%
Grenoble
23%
Metz
22%
Pau
21%
Niort
12%
Aucun quiz correspondant
Distribution des résultats
% des personnes avec chaque résultat
Percentile par nombre de réponses
Votre historique - résultats
Vous n’avez pas pris ce quiz depuis la dernière actualisation